LIBRARY & INFORMATION CENTRE, KCAET, TAVANUR

ONLINE PUBLIC ACCESS CATALOGUE (OPAC)

Viswavijanakosham,vol-6 / (Record no. 4310)

MARC details
000 -LEADER
fixed length control field 00984cam a2200181ua 4500
041 ## - LANGUAGE CODE
Language code of text/sound track or separate title mal
082 ## - DEWEY DECIMAL CLASSIFICATION NUMBER
Classification number 039.94812
Item number SAH/VI
245 ## - TITLE STATEMENT
Title Viswavijanakosham,vol-6 /
260 ## - PUBLICATION, DISTRIBUTION, ETC. (IMPRINT)
Place of publication Kottayam :
Name of publisher Sahitya Pravarthaka Co-operative Society ,
Year of publication 1971.
300 ## - PHYSICAL DESCRIPTION
Number of Pages 1000 ; .
942 ## - ADDED ENTRY ELEMENTS (KOHA)
Koha item type Books
Holdings
Withdrawn status Lost status Damaged status Home library Current library Date acquired Full call number Accession Number Koha item type
      KAUAET   07/04/2012 039.94812 13341 Books
      KAUAET KAUAET 07/04/2012 039.94812 13214 Books
free website counter